West Africa verse (Record no. 4233)

MARC details
000 -LEADER
fixed length control field 00380nam a22001457a 4500
008 - FIXED-LENGTH DATA ELEMENTS--GENERAL INFORMATION
fixed length control field 250709b |||||||| |||| 00| 0 eng d
020 ## - INTERNATIONAL STANDARD BOOK NUMBER
ISBN 0582601002
100 ## - MAIN ENTRY--AUTHOR
Author Nwoga Donatus.I
245 ## - TITLE STATEMENT
Title West Africa verse
260 ## - PUBLICATION, DISTRIBUTION, ETC. (IMPRINT)
Place of publication Harlow
Name of publisher Pearson Education Limited
Date of publication 2006
300 ## - COLLATION
Pagination Xvi, 242
650 ## - TRACINGS
Main Subject West African Poetry (english)
942 ## - ADDED ENTRY ELEMENTS (KOHA)
Item type Books
050 ## - LIBRARY OF CONGRESS CALL NUMBER
Classification number PR9898
Item number .N86
Holdings
Source of classification or shelving scheme Not for loan Permanent location Current location Date acquired Accession No. Full call number Barcode. Koha item type
Library of Congress Classification   Samuel Ogbemudia Main Library, University of Abuja Samuel Ogbemudia Main Library, University of Abuja 07/09/2025 2025/65177 PR9898 .N86 2025-2982 Books